Stranger Things Characters By Episodes - Statistics

General Stats
  • This quiz has been taken 1,165 times
  • The average score is 20 of 30
Answer Stats
Hint Answer % Correct
24 Episodes (S1-3) Eleven
97%
25 Episodes (S1-3) Jim Hopper
94%
25 Episodes (S1-3) Mike Wheeler
94%
24 Episodes (S1-3) Joyce Byers
93%
24 Episodes (S1-3) Lucas Sinclair
92%
23 Episodes (S1-3) Will Byers
92%
24 Episodes (S1-3) Dustin Henderson
91%
24 Episodes (S1-3) Nancy Wheeler
91%
24 Episodes (S1-3) Jonathan Byers
88%
24 Episodes (S1-3) Steve Harrington
88%
7 Episodes (S1-2) Tommy H.
88%
16 Episodes (S2-3) Max Mayfield
85%
16 Episodes (S2-3) Billy Hargrove
83%
12 Episodes (S2-3) Erica Sinclair
76%
22 Episodes (S1-3) Karen Wheeler
76%
8 Episodes (S3) Robin
72%
15 Episodes (S1-3) Ted Wheeler
71%
12 Episodes (S1-2) Dr. Martin Brenner
70%
10 Episodes (S1-3) Holly Wheeler
62%
9 Episodes (S2-3) Bob Newby
57%
7 Episodes (S1) Barbara Holland
54%
8 Episodes (S2-3) Murray Bauman
54%
9 Episodes (S2-3) Dr. Sam Owens
53%
7 Episodes (S2-3) Claudia Henderson
32%
11 Episodes (S1-3) Mr. Clarke
31%
12 Episodes (S1-3) Officer Callahan
23%
12 Episodes (S1-3) Officer Powell
22%
7 Episodes (S1) The Monster
18%
7 Episodes (S3) Grigori
14%
10 Episodes (S1-3) Flo
11%
No matching quizzes found
Score Distribution
Percent of People with Each Score
Percentile by Number Answered
Your Score History
You have not taken this quiz